ბათუმის შოთა რუსთაველის სახელმწიფო უნივერსიტეტის ბიბლიოთეკა

ცეცხლის ყვავილები. არდავიწყების წიგნი (ბიბ.ჩანაწერი № 48658)

000 -LEADER
fixed length control field 00889nam a2200193Ia 4500
001 - CONTROL NUMBER
control field 15558
003 - CONTROL NUMBER IDENTIFIER
control field GE_BSU
008 - FIXED-LENGTH DATA ELEMENTS--GENERAL INFORMATION
fixed length control field 181216s||||||||xx |||||||||||||| ||und||
040 ## - CATALOGING SOURCE
Transcribing agency GE_BSU
245 ## - TITLE STATEMENT
Title ცეცხლის ყვავილები. არდავიწყების წიგნი
245 ## - TITLE STATEMENT
Statement of responsibility, etc. შემდგ.: ა. სულაკაური. რედ. ა. ბრეგვაძე
260 ## - PUBLICATION, DISTRIBUTION, ETC.
Place of publication, distribution, etc. თბილისი
260 ## - PUBLICATION, DISTRIBUTION, ETC.
Name of publisher, distributor, etc. ნაკადული
260 ## - PUBLICATION, DISTRIBUTION, ETC.
Date of publication, distribution, etc. 1975
300 ## - PHYSICAL DESCRIPTION
Extent 128გვ.ილ. 20სმ
653 ## - INDEX TERM--UNCONTROLLED
Uncontrolled term დიდ სამამულო ომში დაღუპულ ქართველ, აზერბაიჯანელ და სომეხ პოეტთა ლექსები
653 ## - INDEX TERM--UNCONTROLLED
Uncontrolled term ცეცხლის ყვავილები. არდავიწყების წიგნი
942 ## - ADDED ENTRY ELEMENTS (KOHA)
Koha item type წიგნი
ეგზემპლარები
Withdrawn status Lost status Damaged status Not for loan Date acquired Barcode Date last seen Price effective from Koha item type
        2018-12-17 38776 2018-12-17 2018-12-17 წიგნი